| 000 | 00388nam a2200145Ia 4500 | ||
|---|---|---|---|
| 008 | 230917s9999||||xx |||||||||||||| ||und|| | ||
| 040 |
_e146694 _aMAIN |
||
| 041 | _aEnglish | ||
| 082 | _aB F739M:D | ||
| 100 | _aMalik, Shivanand | ||
| 245 | 0 | _aDehati Gandhi: Bhagat Phool Singh jeevan-vrit 1885-1942 | |
| 260 |
_aHisar _bShiva-Luxmi Vidya Dham _c2006 |
||
| 300 | _a316 p. | ||
| 942 | _cBK | ||
| 999 |
_c132828 _d132828 |
||